| 000 | 00667nam a2200121Ia 4500 | ||
|---|---|---|---|
| 008 | 171212s9999 xx 000 0 und d | ||
| 100 | _aKann, Mark E. | ||
| 245 |
_cKann, Mark E. _aA Republic of Men _bThe American Founders, Gendered Language, and Patriarchal Politics |
||
| 260 |
_bNew York University Press _c1998 |
||
| 650 | _aPolitical culture -- United States -- History -- 18th century; Political science -- United States -- History -- 18th century; Men -- United States -- History -- 18th century; Patriarchy -- United States -- History -- 18th century; Sex role -- United State | ||
| 650 | _aPolitical Science | ||
| 856 | _uhttp://www.jstor.org/stable/j.ctt9qg73c | ||
| 999 |
_c351515 _d351515 |
||